书目信息 |
| 题名: |
中国税制
|
|
| 作者: | ;全国中等职业学校财经类专业教材编写组 编 | |
| 分册: | ||
| 出版信息: | 北京 高等教育出版社 1997 |
|
| 页数: | 251页 | |
| 开本: | 20cm | |
| 丛书名: | ||
| 单 册: | ||
| 中图分类: | F812.42 | |
| 科图分类: | 29.722 | |
| 主题词: | 税收制度--中国--职业高中--教材 | |
| 电子资源: | ||
| ISBN: | 7-04-005896-0 | |
| 000 | 00773nam0 2200229 45 | |
| 001 | 0198011907 | |
| 005 | 20070702140849.20 | |
| 010 | @a7-04-005896-0@dCNY8.30 | |
| 100 | @a19980302d1997 em y0chiy0121 ea | |
| 101 | 0 | @achi |
| 102 | @aCN@b110000 | |
| 105 | @ay z 000yy | |
| 200 | 10 | @a中国税制@Azhong guo shui zhi@f全国中等职业学校财经类专业教材编写组[编] |
| 210 | @a北京@c高等教育出版社@d1997 | |
| 215 | @a251页@d20cm | |
| 300 | @a全国中等职业学校国家教委规划教材 财经类专业 | |
| 606 | @a税收制度@y中国@x职业高中@x教材 | |
| 690 | @aF812.42@v3 | |
| 692 | @a29.722@v2 | |
| 711 | 02 | @a全国中等职业学校财经类专业教材编写组@Aquan guo zhong deng zhi ye xue xiao cai jing lei zhuan ye jiao cai bian xie zu@4编 |
| 801 | 0 | @aCN@bTSSF@c20070702 |
| 905 | @a10447@dF812.42@e39 | |
| 中国税制/全国中等职业学校财经类专业教材编写组[编].-北京:高等教育出版社,1997 |
| 251页;20cm |
| 全国中等职业学校国家教委规划教材 财经类专业 |
| ISBN 7-04-005896-0:CNY8.30 |
| ● |
| 相关链接 |
|
|
|
|
正题名:中国税制
索取号:F812.42/39
 
预约/预借
| 序号 | 登录号 | 条形码 | 馆藏地/架位号 | 状态 | 备注 |
| 1 | 0635800 | 206358001 | 第一样本阅览室/ [索取号:F812.42/39] | 在馆 | |
| 2 | 0635801 | 206358010 | 密集书库/ [索取号:F812.42/39] | 在馆 | |
| 3 | 0764192 | 207641925 | 密集书库/ [索取号:F812.42/39] | 在馆 |